LEADER 01912nam--2200529---450- 001 990003301470203316 005 20090817105023.0 010 $a978-88-548-2237-5 035 $a000330147 035 $aUSA01000330147 035 $a(ALEPH)000330147USA01 035 $a000330147 100 $a20090817d2008----km-y0itay50------ba 101 $aita 102 $aIT 105 $a||||||||001yy 200 1 $a<> strategie delle imprese di trasporto locale in Italia$fRenato Mele, Antonio Botti, Antonella Benedetto 210 $aRoma$cAracne$dcopyr. 2008 215 $aXIII, 119 p.$cill.$d24 cm 225 2 $aCentro interdipartimentale per la ricerca in diritto, economia e management della pubblica amministrazione (CIRPA), Università degli Studi di Salerno$v4 225 2 $aA13 (area Scienze economiche e statistiche)$v300 300 $aBibl.: p. 115-119 410 0$12001$aCentro interdipartimentale per la ricerca in diritto, economia e management della pubblica amministrazione (CIRPA), Università degli Studi di Salerno 410 0$12001$aA13 (area Scienze economiche e statistiche) 454 1$12001 461 1$1001-------$12001 606 0 $aAziende di servizi$xRicerche di mercato 606 0T$aTasporto municipalizzato$xGestione 676 $a658.8 676 $a338.4068 700 1$aMELE,$bRenato$032511 701 1$aBOTTI,$bAntonio$0283619 701 1$aBENEDETTO,$bAntonella$0605524 801 0$aIT$bsalbc$gISBD 912 $a990003301470203316 951 $aP08 2282$bDISTRA 951 $a300 388.404 MEL$b15292 DISES 959 $aBK 969 $aDISTRA 969 $aDISES 979 $aDISTRA2$b90$c20090817$lUSA01$h1050 979 $c20121027$lUSA01$h1554 979 $c20121027$lUSA01$h1603 979 $c20121027$lUSA01$h1611 996 $aStrategie delle imprese di trasporto locale in Italia$91122897 997 $aUNISA DEB $aUSA20819 LEADER 01991nas 2200661-a 450 001 996326247003316 005 20230927213018.0 011 $a2475-8817 035 $a(OCoLC)60615815 035 $a(CKB)4520000000000379 035 $a(CONSER)--2023220064 035 $a(EXLCZ)994520000000000379 100 $a20050614a19969999 s-- - 101 0 $aeng 135 $aurun||||||||| 181 $ctxt$2rdacontent 182 $cc$2rdamedia 183 $acr$2rdacarrier 200 10$aPeptide science 210 $a[New York, N.Y.] $cJohn Wiley & Sons$d©1996- 215 $a1 online resource 300 $aRefereed/Peer-reviewed 300 $aTitle from table of contents screen (Wiley InterScience, viewed: Feb. 8, 2006). 300 $aPublished: [Hoboken, N.J.] : Wiley Periodicals, Inc., <2005-> 311 08$aPrint vesion: Peptide science 517 1 $aBiopolymers. 606 $aPeptides$vPeriodicals 606 $aBiopolymers$vPeriodicals 606 $aBiopolymers 606 $aBiopolymers 606 $aBiopolymères 606 $aPeptides$vPériodiques 606 $aBiopolymères$vPériodiques 606 $aBiopolymers$2fast$3(OCoLC)fst00832670 606 $aPeptides$2fast$3(OCoLC)fst01057564 606 $aPeptide$2rasuqam 606 $aBiopolymère$2rasuqam 608 $aPeriodicals.$2fast 608 $aRessource Internet (Descripteur de forme)$2rasuqam 608 $aPériodique électronique (Descripteur de forme)$2rasuqam 608 $aPeriodicals.$2lcgft 615 0$aPeptides 615 0$aBiopolymers 615 0$aBiopolymers. 615 2$aBiopolymers 615 6$aBiopolymères. 615 6$aPeptides 615 6$aBiopolymères 615 7$aBiopolymers. 615 7$aPeptides. 615 17$aPeptide. 615 7$aBiopolymère. 676 $a572.65 712 02$aAmerican Peptide Society, 906 $aJOURNAL 912 $a996326247003316 996 $aPeptide science$93089064 997 $aUNISA